GUIDE TO MODERN ENGLISH (Record no. 2009)

MARC details
000 -LEADER
fixed length control field 00439nam a2200145Ia 4500
008 - FIXED-LENGTH DATA ELEMENTS--GENERAL INFORMATION
fixed length control field 230312s9999||||xx |||||||||||||| ||und||
082 ## - DEWEY DECIMAL CLASSIFICATION NUMBER
Classification number 402.3
Item number GUI
100 ## - MAIN ENTRY--PERSONAL NAME
Personal name Richard K. Corbin, Marguerite Blough
245 #0 - TITLE STATEMENT
Title GUIDE TO MODERN ENGLISH
260 ## - PUBLICATION, DISTRIBUTION, ETC.
Name of publisher, distributor, etc. Scott, Foresman and Company
Place of publication, distribution, etc. Chicago
Date of publication, distribution, etc. 1965
300 ## - PHYSICAL DESCRIPTION
Extent 560
546 ## - LANGUAGE NOTE
Language note Eng.
650 ## - SUBJECT ADDED ENTRY--TOPICAL TERM
Topical term or geographic name entry element Management
Form subdivision Writing Good Paragraphs, Concrete and Abstract words
942 ## - ADDED ENTRY ELEMENTS (KOHA)
Koha item type BOOK
Holdings
Withdrawn status Lost status Source of classification or shelving scheme Damaged status Not for loan Home library Current library Date acquired Total Checkouts Full call number Barcode Date last seen Price effective from Koha item type
    Dewey Decimal Classification     Superior Information Resource Center (SIRC) Superior University- Main Campus Superior Information Resource Center (SIRC) Superior University- Main Campus 03/13/2023   402.3 GUI 2019 03/13/2023 03/13/2023 BOOK

Powered by Koha